Digital integrated electronics (Record no. 63560)

MARC details
000 -LEADER
fixed length control field 01066nam a2200241 a 4500
008 - FIXED-LENGTH DATA ELEMENTS--GENERAL INFORMATION
fixed length control field 120416s1984 ||||||||||||||||| || u
020 ## - INTERNATIONAL STANDARD BOOK NUMBER
International Standard Book Number 0070629218
050 ## - LIBRARY OF CONGRESS CALL NUMBER
Classification number TK 7868.D5 Tau
100 ## - MAIN ENTRY--PERSONAL NAME
Personal name Schilling, Donald L
245 10 - TITLE STATEMENT
Title Digital integrated electronics
260 ## - PUBLICATION, DISTRIBUTION, ETC.
Place of publication, distribution, etc. Auckland
Name of publisher, distributor, etc. McGraw-Hill
Date of publication, distribution, etc. 1977 [1984]
300 ## - PHYSICAL DESCRIPTION
Extent xv, 650p. : ill
350 ## -
-- 0.00
490 ## -
-- McGraw-Hill electrical and electronic engineering series
500 ## - GENERAL NOTE
General note Bibliography.
650 #0 - SUBJECT ADDED ENTRY--TOPICAL TERM
Topical term or geographic name entry element ELECTRONICS
650 ## - SUBJECT ADDED ENTRY--TOPICAL TERM
Topical term or geographic name entry element INTEGRATED CIRCUITS
650 #0 - SUBJECT ADDED ENTRY--TOPICAL TERM
Topical term or geographic name entry element DIGITAL ELECTRONICS
700 ## - ADDED ENTRY--PERSONAL NAME
Personal name Taub, Herbert
995 ## -
-- BINDERY (DAMAGED)
-- 0.00
-- 727596
-- CBU-MAIN LIBRARY (Kitwe)
-- 3
-- 19.10
-- TK 7868.D5 Tau
-- 3
-- DAMAGED
-- 025373
-- Main Library Open Access Collection
995 ## -
-- BINDERY (DAMAGED)
-- 0.00
-- 711876
-- CBU-MAIN LIBRARY (Kitwe)
-- 1
-- 19.10
-- TK 7868.D5 Tau
-- 1
-- DAMAGED
-- 016619
-- Main Library Open Access Collection
995 ## -
-- MAIN LIBRARY OPEN ACCESS
-- 0.00
-- 711877
-- CBU-MAIN LIBRARY (Kitwe)
-- 2
-- 19.10
-- TK 7868.D5 Tau
-- 2
-- AVAILABLE
-- 016624
-- Main Library Open Access Collection
999 ## -
-- 63560
-- 63560
Holdings
Withdrawn status Lost status Source of classification or shelving scheme Damaged status Not for loan Permanent Location Current Location Shelving location Date acquired Total Checkouts Full call number Barcode Date last seen Copy number Price effective from Koha item type
          CBU-MAIN LIBRARY, KITWE. CBU-MAIN LIBRARY, KITWE.   12/27/2022   TK 7868.D5 Tau 025373 12/27/2022 1 12/27/2022 MONOGRAPH
          CBU-MAIN LIBRARY, KITWE. CBU-MAIN LIBRARY, KITWE.   12/27/2022   TK 7868.D5 Tau 016619 12/27/2022 2 12/27/2022 MONOGRAPH
          CBU-MAIN LIBRARY, KITWE. CBU-MAIN LIBRARY, KITWE.   12/27/2022   TK 7868.D5 Tau 016624 12/27/2022 3 12/27/2022 MONOGRAPH